000 00284nam a2200133Ia 4500
100 _aDistefano/J.J
942 _cBK
654 _afeedback
245 _aFeedback and control system
260 _bSchams
_aNew York
_c1987
082 _a629.8
_bDIS
300 _a371
546 _aENGLISH
999 _c27120
_d27120